| 000 | 01233nam a2200349 i 4500 | ||
|---|---|---|---|
| 003 | EG-ScBUE | ||
| 005 | 20240327103624.0 | ||
| 008 | 190521s2000 ua a f b 000 0 eng d | ||
| 020 | _a9772362899 | ||
| 040 |
_aEG-ScBUE _beng _erda _cEG-ScBUE _dEG-ScBUE |
||
| 043 |
_af-ua--- _af-sj--- _af------ |
||
| 082 | 0 | 4 |
_a932 _bGAM _222 |
| 100 | 1 |
_aḤamdān, Jamāl, _d1928-1993, _eauthor. |
|
| 245 | 1 | 0 |
_aGamal Hamdan : _bcollected works / _cedited by Saleh Hamdan. |
| 250 | _aFirst edition. | ||
| 264 | 1 |
_a[Cairo] : _bMinistry of Culture, Egypt, Foreign Cultural Relations ; _aGuizeh : _bPrism Publications Office, _c2000. |
|
| 300 |
_aVolume 2 (179 pages) ; _c24 cm. |
||
| 336 |
_2rdacontent _atext _btxt |
||
| 337 |
_aunmediated _2rdamedia _bn |
||
| 338 |
_avolume _bnc _2rdacarrier |
||
| 490 | 0 |
_aPrism book series ; _v5 |
|
| 504 | _aIncludes bibliographical references. | ||
| 650 | 7 |
_aCivilization, Arab. _2BUEsh _940025 |
|
| 651 | 7 |
_aEgypt _xCivilization. _2BUEsh |
|
| 651 | 7 |
_aSudan _xCivilization. _2BUEsh |
|
| 651 | 7 |
_aAfrica _xCivilization. _2BUEsh |
|
| 653 |
_bBUSBOL _bGGEN _cMay2019 |
||
| 655 | _vReading book | ||
| 700 | 1 |
_aHamdan, Saleh, _eeditor. |
|
| 942 |
_2ddc _cBB |
||
| 999 |
_c27475 _d27446 |
||